000 00275nam a2200097Ia 4500
008 240331s9999 xx 000 0 und d
082 _bMEN
100 _aMendis, V.L.B
245 0 _aBritish governors and colonial policy in Sri Lanka :
_bthe Ceylon historical journal
942 _cL
999 _c3478
_d3478